<?xml version="1.0" encoding="UTF-8"?>
<record
    xmlns:xsi="http://www.w3.org/2001/XMLSchema-instance"
    xsi:schemaLocation="http://www.loc.gov/MARC21/slim http://www.loc.gov/standards/marcxml/schema/MARC21slim.xsd"
    xmlns="http://www.loc.gov/MARC21/slim">

  <leader>00359nam a2200145Ia 4500</leader>
  <controlfield tag="008">150201s1988    xx            000 0 und d</controlfield>
  <datafield tag="082" ind1=" " ind2=" ">
    <subfield code="a">617.51</subfield>
    <subfield code="b">D88M</subfield>
  </datafield>
  <datafield tag="100" ind1=" " ind2=" ">
    <subfield code="a">MARAN,AGP</subfield>
  </datafield>
  <datafield tag="245" ind1=" " ind2=" ">
    <subfield code="a">LOGAN TURNER DISEASES OF THE NOSE,THROAT AND EAR</subfield>
  </datafield>
  <datafield tag="250" ind1=" " ind2=" ">
    <subfield code="a">10TH</subfield>
  </datafield>
  <datafield tag="260" ind1=" " ind2=" ">
    <subfield code="b">JAYPEE BROTHERS</subfield>
    <subfield code="a">DELHI</subfield>
    <subfield code="c">1988</subfield>
  </datafield>
  <datafield tag="300" ind1=" " ind2=" ">
    <subfield code="a">1-456</subfield>
  </datafield>
  <datafield tag="650" ind1=" " ind2=" ">
    <subfield code="a">E.N.T.</subfield>
  </datafield>
  <datafield tag="942" ind1=" " ind2=" ">
    <subfield code="2">ddc</subfield>
    <subfield code="c">BK</subfield>
  </datafield>
  <datafield tag="952" ind1=" " ind2=" ">
    <subfield code="0">0</subfield>
    <subfield code="1">0</subfield>
    <subfield code="2">ddc</subfield>
    <subfield code="4">0</subfield>
    <subfield code="7">0</subfield>
    <subfield code="8">MEDICAL</subfield>
    <subfield code="a">FM</subfield>
    <subfield code="b">FM</subfield>
    <subfield code="c">TXT</subfield>
    <subfield code="d">2010-02-25</subfield>
    <subfield code="e">U.B.S. DELHI</subfield>
    <subfield code="g">275.00</subfield>
    <subfield code="h">I</subfield>
    <subfield code="i">SGTU</subfield>
    <subfield code="l">0</subfield>
    <subfield code="o">617.51 D88M</subfield>
    <subfield code="p">FM2452</subfield>
    <subfield code="r">2015-02-09 00:00:00</subfield>
    <subfield code="w">2011-04-05</subfield>
    <subfield code="y">BK</subfield>
    <subfield code="k">982</subfield>
  </datafield>
  <datafield tag="952" ind1=" " ind2=" ">
    <subfield code="0">0</subfield>
    <subfield code="1">0</subfield>
    <subfield code="2">ddc</subfield>
    <subfield code="4">0</subfield>
    <subfield code="7">0</subfield>
    <subfield code="8">MEDICAL</subfield>
    <subfield code="a">FM</subfield>
    <subfield code="b">FM</subfield>
    <subfield code="c">TXT</subfield>
    <subfield code="d">2010-02-25</subfield>
    <subfield code="e">U.B.S. DELHI</subfield>
    <subfield code="g">275.00</subfield>
    <subfield code="h">I</subfield>
    <subfield code="i">SGTU</subfield>
    <subfield code="l">0</subfield>
    <subfield code="o">617.51 D88M</subfield>
    <subfield code="p">FM2453</subfield>
    <subfield code="r">2018-06-19 00:00:00</subfield>
    <subfield code="w">2011-04-05</subfield>
    <subfield code="y">BK</subfield>
    <subfield code="k">982</subfield>
  </datafield>
  <datafield tag="952" ind1=" " ind2=" ">
    <subfield code="0">0</subfield>
    <subfield code="1">0</subfield>
    <subfield code="2">ddc</subfield>
    <subfield code="4">0</subfield>
    <subfield code="7">0</subfield>
    <subfield code="8">MEDICAL</subfield>
    <subfield code="a">FM</subfield>
    <subfield code="b">FM</subfield>
    <subfield code="c">TXT</subfield>
    <subfield code="d">2010-02-25</subfield>
    <subfield code="e">U.B.S. DELHI</subfield>
    <subfield code="g">275.00</subfield>
    <subfield code="h">I</subfield>
    <subfield code="i">SGTU</subfield>
    <subfield code="l">0</subfield>
    <subfield code="o">617.51 D88M</subfield>
    <subfield code="p">FM2454</subfield>
    <subfield code="r">2015-02-09 00:00:00</subfield>
    <subfield code="w">2011-04-05</subfield>
    <subfield code="y">BK</subfield>
    <subfield code="k">982</subfield>
  </datafield>
  <datafield tag="952" ind1=" " ind2=" ">
    <subfield code="0">0</subfield>
    <subfield code="1">0</subfield>
    <subfield code="2">ddc</subfield>
    <subfield code="4">0</subfield>
    <subfield code="7">0</subfield>
    <subfield code="8">MEDICAL</subfield>
    <subfield code="a">FM</subfield>
    <subfield code="b">FM</subfield>
    <subfield code="c">TXT</subfield>
    <subfield code="d">2010-02-25</subfield>
    <subfield code="e">U.B.S. DELHI</subfield>
    <subfield code="g">275.00</subfield>
    <subfield code="h">I</subfield>
    <subfield code="i">SGTU</subfield>
    <subfield code="l">0</subfield>
    <subfield code="o">617.51 D88M</subfield>
    <subfield code="p">FM2455</subfield>
    <subfield code="r">2015-02-09 00:00:00</subfield>
    <subfield code="w">2011-04-05</subfield>
    <subfield code="y">BK</subfield>
    <subfield code="k">982</subfield>
  </datafield>
  <datafield tag="952" ind1=" " ind2=" ">
    <subfield code="0">0</subfield>
    <subfield code="1">0</subfield>
    <subfield code="2">ddc</subfield>
    <subfield code="4">0</subfield>
    <subfield code="7">0</subfield>
    <subfield code="8">MEDICAL</subfield>
    <subfield code="a">FM</subfield>
    <subfield code="b">FM</subfield>
    <subfield code="c">TXT</subfield>
    <subfield code="d">2010-02-25</subfield>
    <subfield code="e">U.B.S. DELHI</subfield>
    <subfield code="g">275.00</subfield>
    <subfield code="h">I</subfield>
    <subfield code="i">SGTU</subfield>
    <subfield code="l">0</subfield>
    <subfield code="o">617.51 D88M</subfield>
    <subfield code="p">FM2456</subfield>
    <subfield code="r">2015-02-09 00:00:00</subfield>
    <subfield code="w">2011-04-05</subfield>
    <subfield code="y">BK</subfield>
    <subfield code="k">982</subfield>
  </datafield>
  <datafield tag="999" ind1=" " ind2=" ">
    <subfield code="c">533</subfield>
    <subfield code="d">533</subfield>
  </datafield>
</record>
